000 00379nam a22001217a 4500
003 OSt
008 250118b |||||||| |||| 00| 0 eng d
041 _aeng
100 _aWorld Energy Conference
_96968
245 _aDo: Group No:3 W.G 3a Energy Conservation in Industry
260 _aNew Delhi:
_bOrganising Committee 12 Congress of the World Energy Conference,
_c1983.
942 _cBK
999 _c19061
_d19061